000 00316nam a2200133Ia 4500
008 230302s9999 xx 000 0 und d
020 _a9789391165055
082 _a954.8
_bKANL
100 _aAnirudh Kanisetti
245 0 _aLord of the Deccan
260 _aNew Delhi
_bJuggernaut
_c2022
300 _a460
942 _cBK
999 _c1344
_d1344